| 000 | 00712nam a2200277Ia 4500 | ||
|---|---|---|---|
| 003 | OSt | ||
| 005 | 20220912150417.0 | ||
| 006 | a|||||r|||| 00| 0 | ||
| 007 | ta | ||
| 008 | 220909b |||||||| |||| 00| 0 eng d | ||
| 024 | _a27538 | ||
| 037 | _cTextual | ||
| 040 |
_aCSL _beng _cCSL |
||
| 041 | _aeng | ||
| 082 | _aY:45:6, L7 | ||
| 100 | _aMettler George B | ||
| 245 | 0 | _aCriminal investigation | |
| 260 |
_aBoston _bHolbrock Press _c1977 |
||
| 300 |
_axv,332p. _ccm. |
||
| 490 | _aCriminal Justice Series | ||
| 650 | _a Crime treatment | ||
| 650 | _a Forensic science | ||
| 650 | _aAnthropology | ||
| 942 |
_hY:45:6, L7 _cTEXL _2CC |
||
| 999 |
_c46969 _d46969 |
||